Online Catalogue and eLibrary

Aamen: (Record no. 5660)

MARC details
000 -LEADER
fixed length control field 00459nam a2200157Ia 4500
005 - DATE AND TIME OF LATEST TRANSACTION
control field 20250306031838.0
008 - FIXED-LENGTH DATA ELEMENTS--GENERAL INFORMATION
fixed length control field 240331s9999 xx 000 0 und d
020 ## - INTERNATIONAL STANDARD BOOK NUMBER
ISBN 9789380240152
082 ## - DDC Classification
Item Number - Author Mark JES
DDC Edition Number 6640920
100 ## - MAIN ENTRY--PERSONAL NAME
Personal name Jesme,S
245 #0 - TITLE STATEMENT
Title Aamen:
Remainder of title Oru Kannikasthrien Than Varalaru
260 ## - PUBLICATION, DISTRIBUTION, ETC.
Place of publication, distribution, etc. Nagercoil
Name of publisher, distributor, etc. Kalachuvadu Pathippagam
Date of publication, distribution, etc. 2010
300 ## - PHYSICAL DESCRIPTION
Extent (e.g. Volumes, Pages etc.) 224 p.,
500 ## - GENERAL NOTE
General note The author, a religious nun, writes about the life in the Monastery.
942 ## - Koha item type (Biblio)
Koha item type Books in Stacks (Lending)
Holdings
Lost status Damaged status Collection code Home library Current library Shelving location Date acquired Full call number Accession Number Item type
    Lending WERC Library WERC Library Social Science Cupboard 03/31/2024 920 JES 6640 Books in Stacks (Lending)

© WERC Library